Obhajoba sa nikomu nepodarila v zámorí zakončili štyrmi Veľkými cenami svetový šampionát cestných motocyklistov

Bibliographic Details
Main Author: Václavík, Ivan (Author)
Format: Article
Language:Slovak
PhysicalDescription:Fotogr.
ISSN:1335-0730
Subjects:

MARC

LEADER 00000nab a2200000 a 4500
001 vtls000710919
003 SK-MaSNL
005 20260302195345.0
008 040806c1999 xo 0 slo
015 |a SNBRB2000/01-02078 
035 |a CLN000063086 
040 |a SNKBUCL  |b slo  |c SNKBUCL  |e AACR2 
041 0 |a slo 
044 |a xo  |c SK 
080 |a 796.72.093.1(100)  |2 UDC-MRF-SK2 
100 1 |a Václavík, Ivan  |4 aut  |9 841238 
245 1 0 |a Obhajoba sa nikomu nepodarila  |b v zámorí zakončili štyrmi Veľkými cenami svetový šampionát cestných motocyklistov  |c Ivan Václavík 
300 |b Fotogr. 
611 2 7 |a Majstrovstvá sveta cestných motocyklov  |d (1999 :  |c Južná Afrika)  |2 snkbucl  |9 916769 
650 0 7 |a cestná motocyklistika  |2 snkbucl  |9 842796 
655 7 |a články z novín a časopisov  |2 snkbucl  |9 267496 
773 0 |x 1335-0730  |t Stop  |g Roč. 29, č. 24 (1999), s. 46 
850 |a Slovenská národná knižnica v Martine 
852 |a SNK  |b KIS3GCP 
999 |c 1452244  |d 1454174